Review of Economics of the Household
Guardado en:
| Formato: | Seriadas |
|---|---|
| Lenguaje: | inglés |
| Publicado: |
New York
Springer
|
| Etiquetas: |
Sin Etiquetas, Sea el primero en etiquetar este registro!
|
MARC
| LEADER | 00000nas1a2200000 4500 | ||
|---|---|---|---|
| 001 | 0247469 | ||
| 005 | 20250701092104.1 | ||
| 022 | |a 1569-5239 | ||
| 022 | |a 1573-7152 | ||
| 041 | 0 | |a eng | |
| 044 | |a CH | ||
| 245 | 1 | 0 | |a Review of Economics of the Household |
| 264 | 1 | |a New York |b Springer | |